[Event "Vienna op"]
[Site "Vienna"]
[Date "1994.??.??"]
[Round "4"]
[White "Blatny, Pavel"]
[Black "Kolesar, Milan"]
[Result "1-0"]
[WhiteElo "2500"]
[BlackElo "2270"]

1.Nf3 Nf6 2.b3 d5 3.Bb2 c6 4.g3 Bf5 5.Bg2 e6 6.d3 h6 7.O-O Be7 8.Qd2 O-O
9.Nc3 Nbd7 10.Rad1 Bh7 11.e4 dxe4 12.Nxe4 a5 13.a3 Qc7 14.Rfe1 Rfd8 15.Qc1 Nxe4
16.dxe4 Bf6 17.Nd2 Bxb2 18.Qxb2 Nf6 19.e5 Nd5 20.c4 Ne7 21.Ne4 Bxe4 22.Bxe4 g6
23.Kg2 Rxd1 24.Rxd1 Rd8 25.Rd4 b6 26.Qd2 Rxd4 27.Qxd4 c5 28.Qd6 Qa7 29.g4 Kg7
30.h4 Ng8 31.Bc6 Qe7 32.Kg3 g5 33.h5 f6 34.Qb8 fxe5 35.Qxb6 Qd6 36.Qa7+ Ne7
37.Be4 Kf6 38.Qa8 Kf7 39.Qxa5 Qd4 40.Qe1 Ng8 41.Qe3 Qb2 42.Bg6+ Kg7 43.Qf3  1-0

[Event "AUT-chT2O 9495"]
[Site "?"]
[Date "1995.??.??"]
[Round "?"]
[White "Wohlmann, Erich"]
[Black "Blatny, Pavel"]
[Result "1/2-1/2"]
[WhiteElo "2205"]
[BlackElo "2485"]

1.d4 Nf6 2.c4 e6 3.Nf3 d5 4.Nc3 Nbd7 5.Bg5 Bb4 6.cxd5 exd5 7.Qa4 Bxc3+ 8.bxc3 O-O
9.e3 h6 10.Bxf6 Qxf6 11.Bd3 c5 12.O-O Nb6 13.Qa5 c4 14.Bc2 Bf5 15.Rfc1 Rfe8
16.a4 Re7 17.Bxf5 Qxf5 18.Qc5 Qe6 19.Ne5 f6 20.Ng6 Rf7 21.Nf4 Qc6 22.Qxc6 bxc6
23.a5 Nc8 24.Rab1 Re7 25.Rb2 Kf7 26.h4 g5 27.hxg5 hxg5 28.Ne2 Nd6 29.Rcb1 Ke6
30.Ng3 f5 31.f3 Kf6 32.Kf2 Rae8 33.Re2 f4 34.Nf1 Nf5 35.Rbe1 Nxe3 36.Nxe3 fxe3+
37.Rxe3 Rxe3 38.Rxe3 Rb8 39.g4 Rb5 40.Kg3 c5 41.dxc5 Rxa5 42.f4 Rxc5 43.Re5 gxf4+
44.Kxf4 a5 45.g5+ Kf7 46.Kf5 a4 47.g6+ Kf8 48.Kg5 a3 49.Kh6 Rc8 50.Rxd5 Ra8
51.Rd1 a2 52.Ra1 Kg8 53.Kg5 Kg7 54.Kf5 Ra4 55.Ke5 Kxg6 56.Kd5 Kf5 57.Kc5 Ra8
58.Kxc4 Ke4 59.Re1+ Kf3 60.Ra1 Ke3 61.Kb3 Kd3 62.Rd1+ Ke3 63.Ra1 Kd3 64.Rd1+ Ke3
65.Ra1 Kd2 66.Rxa2+ Rxa2 67.Kxa2  1/2-1/2

[Event "AUT-chT2O 9495"]
[Site "?"]
[Date "1995.??.??"]
[Round "?"]
[White "Blatny, Pavel"]
[Black "Eisterer, Heinrich"]
[Result "1-0"]
[WhiteElo "2485"]
[BlackElo "2360"]

1.Nf3 Nf6 2.b3 d5 3.Bb2 Bg4 4.d3 e6 5.Nbd2 c5 6.h3 Bxf3 7.Nxf3 Nc6 8.g3 Bd6
9.Bg2 O-O 10.O-O Re8 11.Nd2 Be5 12.c3 Rc8 13.f4 Bb8 14.e4 b5 15.e5 Nd7 16.Qe2 f6
17.c4 bxc4 18.bxc4 d4 19.exf6 gxf6 20.Rae1 f5 21.Qh5 Nb4 22.Nf3 Qf6 23.Ng5 h6
24.Nxe6 Rxe6 25.Rxe6 Qxe6 26.a3 Kg7 27.axb4 Qe3+ 28.Kh2 cxb4 29.Qxf5 Rd8
30.Rf3  1-0

[Event "AUT-chT2O 9495"]
[Site "?"]
[Date "1995.??.??"]
[Round "?"]
[White "Blatny, Pavel"]
[Black "Krizsany, Laszlo"]
[Result "0-1"]
[WhiteElo "2485"]
[BlackElo "2440"]

1.d4 f5 2.g3 Nf6 3.Bg2 g6 4.Bf4 Bg7 5.Qd2 d6 6.Bh6 Bxh6 7.Qxh6 e5 8.dxe5 dxe5
9.Nc3 Na6 10.Rd1 Qe7 11.Nh3 c6 12.O-O Bd7 13.e4 O-O-O 14.Rfe1 Kb8 15.Qc1 f4
16.gxf4 Nh5 17.f5 gxf5 18.Qh6 Nf6 19.Kh1 f4 20.f3 Rhg8 21.Qh4 Nb4 22.Re2 Bxh3
23.Rxd8+ Rxd8 24.Bxh3 Nfd5 25.Qxe7 Nxe7 26.a3 Na6 27.Bf5 h6 28.Kg2 Nc7 29.Kh3 Ne8
30.Be6 Nf6 31.Rg2 Kc7 32.Bf5 Rg8 33.Rd2 Rd8 34.Re2 Rg8 35.Be6 Rg6 36.Bf5 Rg7
37.Bg4 Rg5 38.Be6 Rg7 39.Rd2 Rg5 40.b4 Rg7 41.a4 b6 42.b5 Rg1 43.bxc6 Kxc6
44.Nb5 a6 45.Nd6 Nh7 46.Nf7 Ng5+ 47.Nxg5 hxg5 48.Bc4 b5 49.axb5+ axb5 50.Be6 b4
51.Rd7 Ng6 52.Rd5 Ne7 53.Ra5 Kd6 54.Ra6+ Kc5 55.Bd7 Rd1 56.Ba4 Ra1 57.Kg4 Kd4
58.Kxg5 Ke3 59.Kf6 Ng8+ 60.Kxe5 Kxf3 61.Kd4 Rd1+ 62.Kc4 Ke3 63.Kb3 f3 64.Bb5 f2
65.Ra8 Nf6 66.e5 Ne4  0-1

[Event "AUT-chT2O 9495"]
[Site "?"]
[Date "1995.??.??"]
[Round "?"]
[White "Blatny, Pavel"]
[Black "Lechtynsky, Jiri"]
[Result "1-0"]
[WhiteElo "2485"]
[BlackElo "2415"]

1.e4 d6 2.d4 Nf6 3.Nc3 g6 4.Nf3 Bg7 5.Be2 O-O 6.O-O Bg4 7.Be3 Nc6 8.d5 Bxf3
9.Bxf3 Ne5 10.Be2 c6 11.f4 Ned7 12.dxc6 bxc6 13.Qd3 Qc7 14.Rad1 Qb7 15.b3 Qb4
16.Bf3 Nc5 17.Qd2 Rfd8 18.Qe1 e5 19.fxe5 dxe5 20.Rxd8+ Rxd8 21.a3 Qxa3 22.Nb1 Qb2
23.Bxc5 Qxc2 24.Qa5 Rd7 25.Qb4 h5 26.Na3 Qd3 27.Nc4 Nxe4 28.Nb2 Qc3 29.Bxe4 Qxb4
30.Bxb4 Rd4 31.Bxc6 Rxb4 32.Bd5 Rf4 33.Rxf4 exf4 34.Nd3 Bd4+ 35.Kf1 g5 36.h4 Kg7
37.hxg5 Kg6 38.Nxf4+ Kxg5 39.Ne2 Bc5 40.Bxf7 h4 41.Be6 Kf6 42.Bc8 Ke5 43.Ng1 Kd4
44.Nf3+ Kc3 45.Be6 h3 46.gxh3 a5 47.Kg2 Bd6 48.h4 Kb4 49.h5 Bf4 50.Ne1 Kc3
51.Kh3 Bd2 52.Nf3 Be3 53.Kg4 Kb4 54.Ng5 a4 55.bxa4 Kxa4 56.h6 Kb5 57.h7 Bd4
58.Nf3 Bg7 59.Nh4 Kc6 60.Nf5 Bb2 61.Kg5  1-0

[Event "AUT-chT2O 9495"]
[Site "?"]
[Date "1995.??.??"]
[Round "?"]
[White "Blatny, Pavel"]
[Black "Maly, Martin"]
[Result "1-0"]
[WhiteElo "2485"]
[BlackElo "2245"]

1.Nf3 d5 2.b3 c5 3.e3 Nf6 4.Bb2 g6 5.c4 dxc4 6.bxc4 Bg7 7.Be2 O-O 8.O-O b6
9.d3 Nc6 10.Nc3 Ne8 11.Qd2 Nc7 12.Rad1 e5 13.Qc1 Bb7 14.Qa1 Qd7 15.Rd2 Rae8
16.Rfd1 f5 17.Nb5 Nxb5 18.cxb5 Nd8 19.d4 exd4 20.exd4 Rxe2 21.Rxe2 Bxf3 22.dxc5 Bxb2
23.Rxd7 Bxa1 24.gxf3 bxc5 25.Rxa7 Bd4 26.Rc7 Nf7 27.b6 c4 28.Re6 Ng5 29.Rec6 Nxf3+
30.Kg2 Ne5 31.Rd6 Bxb6 32.Rxb6 Ra8 33.Rbb7 f4 34.Rg7+ Kf8 35.Rxh7 Kg8 36.Rbg7+ Kf8
37.Rc7  1-0

[Event "AUT-chT2O 9495"]
[Site "?"]
[Date "1995.??.??"]
[Round "?"]
[White "Blatny, Pavel"]
[Black "Plank, Franz"]
[Result "1-0"]
[WhiteElo "2485"]
[BlackElo "2275"]

1.Nf3 d5 2.b3 Nf6 3.g3 e6 4.Bb2 Nbd7 5.Bg2 Bd6 6.c4 dxc4 7.bxc4 e5 8.Nc3 c6
9.O-O O-O 10.Qc2 Re8 11.Rad1 Qc7 12.e3 Nf8 13.d4 exd4 14.exd4 Bg4 15.Rd2 Rad8
16.Nh4 Qc8 17.d5 Bh3 18.Rfd1 Bxg2 19.Kxg2 cxd5 20.Nxd5 Nxd5 21.Rxd5 Be7 22.Rxd8 Bxd8
23.Nf5 Bf6 24.Rd5 Qc6 25.Bxf6 Qxf6 26.Nd6 Re7 27.Nc8 Rc7 28.Nxa7 Qe6 29.Qd3 Re7
30.Nb5 Qe4+ 31.Qxe4 Rxe4 32.Nd6 Re7 33.Rb5 Re2 34.a4 Ra2 35.a5 Ra4 36.Nxb7 Rxc4
37.Nc5 Rc2 38.a6 Ra2 39.Rb8 g6 40.Nd7 Rxa6 41.Rxf8+ Kg7 42.Rc8  1-0

[Event "AUT-chT2O 9495"]
[Site "?"]
[Date "1995.??.??"]
[Round "?"]
[White "Blatny, Pavel"]
[Black "Sandor, Christian"]
[Result "1/2-1/2"]
[WhiteElo "2485"]
[BlackElo "2420"]

1.e4 c5 2.b3 e5 3.Bb2 d6 4.f4 exf4 5.Qf3 Qh4+ 6.g3 fxg3 7.hxg3 Qg4 8.Qe3 Nc6
9.Bh3 Qg6 10.Bf5 Nd4 11.Na3 Qf6 12.Bxc8 Rxc8 13.O-O-O g6 14.Ne2 Bg7 15.Nxd4 cxd4
16.Qd3 Ne7 17.Rdf1 Qe6 18.Bxd4 O-O 19.Nc4 d5 20.Bxg7 Kxg7 21.Qd4+ f6 22.exd5 Qxd5
23.Qh4 h5 24.Kb1 b5 25.Ne3 Qxd2 26.Qf4 Qc3 27.g4 Qe5 28.Qf2 Rh8 29.Re1 Qc5
30.Rhf1 Rc6 31.Qd2 Qd6 32.Qg2 hxg4 33.Qxg4 Rh2 34.Qe4 Qe5 35.Ng4 Qxe4 36.Rxe4 Nd5
37.Rd4 Rh5 38.c4 bxc4 39.bxc4 Nb6 40.Re1 Rc7 41.Rf4 f5 42.Ne5 Re7 43.Rd4 Rh8
44.Rd6 Rh6 45.Rc6 f4 46.Kc2 Rh5 47.Rxg6+ Kh7 48.Rf6 Rhxe5 49.Rxe5 Rxe5 50.Rxf4 Kg6
51.Kc3 Rf5 52.Rh4 Kf6 53.Rh7 Ra5 54.Kb3 Ke6 55.a4 Kd6 56.Kb4 Rxa4+ 57.Kb5 Rxc4
58.Rb7 Rc6  1/2-1/2

[Event "AUT-chT2O 9495"]
[Site "?"]
[Date "1995.??.??"]
[Round "?"]
[White "Sulipa, Aleksandar"]
[Black "Blatny, Pavel"]
[Result "0-1"]
[WhiteElo "2430"]
[BlackElo "2485"]

1.e4 e5 2.Nf3 Nc6 3.Bb5 a6 4.Ba4 Nf6 5.O-O Be7 6.Re1 b5 7.Bb3 O-O 8.a4 Bb7
9.d3 d6 10.Nbd2 Nd7 11.c3 Bf6 12.Nf1 Nc5 13.axb5 axb5 14.Rxa8 Qxa8 15.Bc2 Ne6
16.Ne3 Bd8 17.b4 Ne7 18.Bb3 Ng6 19.Nf5 d5 20.exd5 Bxd5 21.Nxe5 Bxb3 22.Qxb3 Nxe5
23.Rxe5 Nf4 24.Re4 Nxd3 25.Rg4 Qa1 26.Rxg7+ Kh8 27.g3 Qxc1+ 28.Kg2 Qd2  0-1

[Event "AUT-chT2O 9596"]
[Site "AUT"]
[Date "1995.??.??"]
[Round "3"]
[White "Blatny, Pavel"]
[Black "Portisch, Ferenc"]
[Result "1/2-1/2"]
[WhiteElo "2515"]
[BlackElo "2400"]

1.e4 e6 2.d4 d5 3.e5 c5 4.c3 Ne7 5.Na3 Nec6 6.Nc2 b6 7.Nf3 Ba6 8.Bxa6 Nxa6
9.Bg5 Qc8 10.O-O Qb7 11.c4 Nc7 12.Ne3 cxd4 13.cxd5 dxe3 14.dxc6 exf2+ 15.Rxf2 Qxc6
16.Rc1 Bc5 17.Be3 O-O 18.Bxc5 bxc5 19.Qc2 h6 20.Nd4 Qa6 21.Qxc5 Nd5 22.Qc4 Qxc4
23.Rxc4 Ne3 24.Ra4 Rfc8 25.Re2 Nc4 26.Ra6 Nb6 27.Kf2 Rc4 28.Nb5 Rc5 29.a4 Nxa4
30.Nxa7 Nb6 31.b4 Rd5 32.Rea2 Nc4 33.Nc6 Rxa6 34.Rxa6 Rb5 35.Ra8+ Kh7 36.Rb8 Rd5
37.Rc8 Nxe5 38.Nxe5 Rxe5 39.Rc2 Rb5 40.Rb2 f5 41.Ke3 e5 42.Kd3 g5 43.Kc4 Rb8
44.b5 e4 45.b6 e3 46.Kd3 f4  1/2-1/2

[Event "AUT-chT2O 9596"]
[Site "AUT"]
[Date "1995.??.??"]
[Round "4"]
[White "Schlingensiepen, Christian"]
[Black "Blatny, Pavel"]
[Result "0-1"]
[WhiteElo "2305"]
[BlackElo "2515"]

1.e4 e5 2.Nf3 Nc6 3.Bc4 h6 4.d4 exd4 5.O-O d6 6.Nxd4 Be7 7.Nc3 Bf6 8.Be3 Nge7
9.Nd5 Nxd5 10.exd5 Ne5 11.Bb5+ Bd7 12.f4 Ng6 13.Bd3 Ne7 14.c4 O-O 15.Bc2 Re8
16.Qd3 Ng6 17.Rae1 c5 18.dxc6 bxc6 19.Nf3 Qc7 20.h4 d5 21.cxd5 cxd5 22.h5 Nf8
23.Bb3 Rab8 24.Rf2 a5 25.Rc1 Qd6 26.Ne5 Be6 27.Bc5 Qc7 28.Qe3 Qb7 29.Ba4 Rec8
30.Rfc2 Bf5 31.Rf2 Ne6 32.Nd7 Bxb2 33.Re1 Nxc5 34.Nxc5 Qb4  0-1

[Event "Bern op"]
[Site "Bern"]
[Date "1995.??.??"]
[Round "2"]
[White "Blatny, Pavel"]
[Black "Einwiller, Bernd"]
[Result "1-0"]
[WhiteElo "2485"]
[BlackElo "2120"]

1.Nf3 Nf6 2.b3 g6 3.Bb2 Bg7 4.g3 O-O 5.Bg2 d6 6.O-O Nbd7 7.c4 a5 8.Nc3 e5
9.d4 Re8 10.e3 c6 11.Qc2 exd4 12.Nxd4 Nc5 13.Rfd1 Qe7 14.a3 Ng4 15.b4 axb4
16.axb4 Rxa1 17.Bxa1 Ne6 18.Nf3 Ne5 19.Nxe5 dxe5 20.b5 cxb5 21.cxb5 Qc5 22.Qb3 Rd8
23.Bd5 Qe7 24.Bb2 Bf8 25.Ne4 Bg7 26.Ba3 Qd7 27.Nc5 Qe8 28.b6 Bf8 29.Ne4 Bg7
30.Rd2 h6 31.Nd6 Rxd6 32.Bxd6 Nd8 33.Bc7 Ne6 34.Qc4 Kh7 35.Rc2 Bd7 36.Bxb7 Bb5
37.Bc6 Bxc4 38.Bxe8 Bd3 39.Rc1 Be4 40.Bc6  1-0

[Event "Lazne Bohdanec"]
[Site "Lazne Bohdanec"]
[Date "1995.??.??"]
[Round "3"]
[White "Blatny, Pavel"]
[Black "Hausner, Ivan"]
[Result "1-0"]
[WhiteElo "2485"]
[BlackElo "2450"]

1.e4 c5 2.b3 d6 3.Bb2 Nf6 4.Nc3 g6 5.g3 Bg7 6.Bg2 Nc6 7.Nge2 O-O 8.O-O Nd4
9.Nxd4 cxd4 10.Ne2 e5 11.c3 Re8 12.cxd4 exd4 13.d3 d5 14.f3 dxe4 15.dxe4 d3
16.Nf4 d2 17.Qc2 g5 18.Nd3 g4 19.Nf2 gxf3 20.Bxf3 Be6 21.Rad1 Qa5 22.Qxd2 Qxa2
23.Rb1 Nd7 24.Ng4 Bxg4 25.Bxg4 Ne5 26.Qf4 f6 27.Bxe5 Rxe5 28.Bf5 Qe2 29.Rbd1 Re7
30.Rd5 Rae8 31.Rf2 Qa6 32.Kg2 Qb6 33.Rf3 Qc7 34.Qd2 Qb6 35.Rfd3 a6 36.Qf4 Rc7
37.Kh3 Rc2 38.Rd7 h5 39.Rd2 Rxd2 40.Qxd2 Qg1 41.Qe2 Qc1 42.Qxh5 Qh6 43.Qxh6 Bxh6
44.Rxb7 a5 45.Kg4 Bf8 46.Kh5 Re7 47.Rb6 Kg7 48.Ra6 Re5 49.Ra7+  1-0

[Event "Lazne Bohdanec"]
[Site "Lazne Bohdanec"]
[Date "1995.??.??"]
[Round "4"]
[White "Blatny, Pavel"]
[Black "Howell, James C"]
[Result "1/2-1/2"]
[WhiteElo "2485"]
[BlackElo "2520"]

1.e4 e5 2.Nf3 Nf6 3.d4 Nxe4 4.Bd3 d5 5.Nxe5 Bd6 6.Qe2 Bxe5 7.Bxe4 dxe4 8.dxe5 Qd4
9.Nc3 Qxe5 10.g3 O-O 11.Bf4 Qa5 12.O-O-O Be6 13.a3 Nd7 14.Qb5 Qxb5 15.Nxb5 Bg4
16.Nxc7 Bxd1 17.Rxd1 Rad8 18.Bd6 Nf6 19.Bxf8 Rxd1+ 20.Kxd1 Kxf8 21.Nb5 Ke7
22.Ke2 a6 23.Nd4 g6 24.h3 Kd6 25.Ke3 Ke5 26.c4 Nd7 27.f4+ exf3 28.Nxf3+ Kd6
29.Kd4 Nc5 30.Ng5 Ne6+ 31.Nxe6 Kxe6 32.Kc5 Kd7 33.Kd5 h5 34.Ke5 Ke7 35.c5 a5
36.b4 a4 37.Kd5 Kd7 38.g4 hxg4 39.hxg4 f6 40.b5 Ke7 41.c6 Kd8 42.cxb7  1/2-1/2

[Event "Lazne Bohdanec"]
[Site "Lazne Bohdanec"]
[Date "1995.??.??"]
[Round "5"]
[White "Keitlinghaus, Ludger"]
[Black "Blatny, Pavel"]
[Result "1/2-1/2"]
[WhiteElo "2495"]
[BlackElo "2485"]

1.e4 e5 2.Nf3 Nf6 3.Nc3 Nc6 4.Bb5 Nd4 5.Bc4 Bc5 6.Nxe5 Qe7 7.Nd3 d5 8.Nxd5 Qxe4+
9.Ne3 Bb6 10.f3 Qh4+ 11.Nf2 O-O 12.O-O Nxf3+ 13.Qxf3 Bxe3 14.Qxe3 Qxc4 15.Qc3 Qd5
16.b3 Bd7 17.Bb2 Bc6 18.Qh3 Ne4 19.Nxe4 Qxe4 20.Qg3 Qg6 21.Qxg6 hxg6 22.Be5 Rac8
23.Rae1 f6 24.Bg3 Kf7 25.Re3 Rfe8 26.Rfe1 Rxe3 27.Rxe3 Bd7 28.d4 c6 29.Kf2 Bf5
30.c3 Re8  1/2-1/2

[Event "Lazne Bohdanec"]
[Site "Lazne Bohdanec"]
[Date "1995.??.??"]
[Round "9"]
[White "Sax, Gyula"]
[Black "Blatny, Pavel"]
[Result "1/2-1/2"]
[WhiteElo "2535"]
[BlackElo "2485"]

1.e4 e5 2.Nf3 Nc6 3.d4 exd4 4.Nxd4 Bc5 5.Be3 Qf6 6.c3 Nge7 7.g3 d5 8.Bg2 Nxd4
9.cxd4 Bb4+ 10.Nc3 c6 11.O-O dxe4 12.Nxe4 Qg6 13.Qb3 Nd5 14.Nc3 Bxc3 15.bxc3 O-O
16.c4 Nxe3 17.fxe3 Re8 18.Rf4 Qd6 19.Raf1 Re7 20.c5 Qc7 21.d5 cxd5 22.Rxf7 Be6
23.Rxe7 Qxe7 24.Bxd5 Bxd5 25.Qxd5+ Kh8 26.e4 Rd8 27.Rf7 Qe8 28.Qf5 h6 29.Kg2 Rd2+
30.Kh3 Kg8 31.Rc7 g6 32.Rc8 gxf5 33.Rxe8+ Kf7 34.Rb8 fxe4 35.Rxb7+ Ke6 36.Rxa7 h5
37.c6 Rc2 38.c7 Kd5 39.Kh4 e3 40.Kxh5 Kd4 41.Kg4 e2 42.c8=Q Rxc8 43.Re7 Kd3
44.h4 Rg8+ 45.Kf3  1/2-1/2

[Event "Lazne Bohdanec"]
[Site "Lazne Bohdanec"]
[Date "1995.??.??"]
[Round "10"]
[White "Blatny, Pavel"]
[Black "Votava, Jan"]
[Result "0-1"]
[WhiteElo "2485"]
[BlackElo "2395"]

1.e4 c5 2.c3 d5 3.exd5 Qxd5 4.d4 Nf6 5.Nf3 e6 6.Na3 Qd8 7.Bf4 Nbd7 8.Nc4 Nd5
9.Bg3 Be7 10.Ne3 O-O 11.Nxd5 exd5 12.Be2 Qb6 13.Qc2 f5 14.dxc5 Nxc5 15.Be5 f4
16.b4 Ne4 17.Bd4 Qg6 18.Ne5 Qxg2 19.O-O-O Qh3 20.f3 Nd6 21.Bf1 Qh5 22.Qb3 Be6
23.Bd3 Bf6 24.Rde1 Rac8 25.Rhg1 Kh8 26.h4 Nc4 27.Bg6 Qxe5 28.Rxe5 Nxe5 29.Bh5 Nxf3
30.Bxf6 Nxg1 31.Be7 f3 32.Bxf8 f2 33.Bxg7+ Kxg7 34.Qd1 Rf8  0-1

[Event "Lazne Bohdanec"]
[Site "Lazne Bohdanec"]
[Date "1995.??.??"]
[Round "11"]
[White "Vokac, Marek"]
[Black "Blatny, Pavel"]
[Result "1-0"]
[WhiteElo "2475"]
[BlackElo "2485"]

1.d4 Nf6 2.c4 e6 3.Nf3 d5 4.Nc3 Bb4 5.e3 O-O 6.Bd3 dxc4 7.Bxc4 Nc6 8.O-O Bd6
9.e4 e5 10.dxe5 Nxe5 11.Nxe5 Bxe5 12.f3 Qe7 13.Kh1 c6 14.Qe1 b5 15.Bd3 Rd8
16.Bc2 b4 17.Ne2 Qc5 18.Bb3 Ba6 19.f4 Bc7 20.Rf3 Rd3 21.Rxd3 Bxd3 22.Ng3 Bb6
23.Bd2 a5 24.Rc1 Qb5 25.h3 Rd8 26.e5 Nd5 27.Ne4 Bd4 28.Nd6 Qb6 29.Qg3 Be2
30.Bxd5 cxd5 31.Nf5 g6 32.Rc6 Qa7 33.Qh4 Re8 34.Nd6 Rf8 35.Nc8 Rxc8 36.Rxc8+ Kg7
37.Qf6+ Kh6 38.Rg8  1-0

[Event "New York op"]
[Site "New York"]
[Date "1995.??.??"]
[Round "9"]
[White "Blatny, Pavel"]
[Black "Schwartzman, Gabriel"]
[Result "1-0"]
[WhiteElo "2485"]
[BlackElo "2495"]

1.e4 e6 2.d4 d5 3.exd5 exd5 4.Bd3 Nf6 5.Nf3 Be7 6.O-O Bg4 7.Re1 O-O 8.c3 Nbd7
9.h3 Bh5 10.Bf4 c5 11.Nbd2 c4 12.Bf5 Re8 13.Re3 Bf8 14.Rxe8 Nxe8 15.b3 b5
16.bxc4 bxc4 17.Rb1 Nd6 18.Bg5 Be7 19.Bxe7 Qxe7 20.Bxd7 Qxd7 21.Ne5 Bxd1
22.Nxd7 Bc2 23.Rb2 Bf5 24.Nb8 Kf8 25.Nf1 Ne4 26.Ne3 Be6 27.Nd1 a5 28.Rb6 Ke8
29.Na6 Kd7 30.f3 Nd6 31.Nb2 Nc8 32.Nc5+ Kc7 33.Rb7+ Kc6 34.Nba4 Ra7 35.Rb2 Bd7
36.Kf2 Be8 37.h4 Kc7 38.g4 Bxa4 39.Nxa4 Rb7 40.Rxb7+ Kxb7 41.Ke3 Kc6 42.Kf4 Nd6
43.Ke5 Nb5 44.h5 h6 45.f4 Nd6 46.Nb6 f5 47.gxf5 Nb7 48.Ke6 Nd8+ 49.Ke7 Nb7
50.Nd7 Nd6 51.Ne5+ Kc7 52.f6 gxf6 53.Kxf6 Ne4+ 54.Ke6 Nxc3 55.f5 Ne2 56.f6 c3
57.f7 c2 58.f8=Q c1=Q 59.Qd6+ Kb7 60.Qxd5+  1-0

[Event "Pardubice op"]
[Site "Pardubice"]
[Date "1995.??.??"]
[Round "?"]
[White "Blatny, Pavel"]
[Black "Buturin, Vladimir"]
[Result "0-1"]
[WhiteElo "2535"]
[BlackElo "2430"]

1.Nf3 d5 2.b3 c5 3.e3 Nf6 4.Bb2 g6 5.c4 dxc4 6.bxc4 Bg7 7.d3 O-O 8.Qd2 Nc6
9.Nc3 Qa5 10.Rd1 Rd8 11.Qc1 Bg4 12.Rd2 Bxf3 13.gxf3 Rd7 14.Be2 Rad8 15.O-O e6
16.Rfd1 h6 17.f4 Ne7 18.Bf3 Nf5 19.Ne2 Ne8 20.Ng3 Bxb2 21.Rxb2 Ned6 22.Nxf5 Nxf5
23.Qc2 Nh4 24.Be2 Qc7 25.Qc3 Qc6 26.f3 Nxf3+ 27.Kf2 Nh4 28.Rg1 Rxd3 29.Qf6 Qe4
30.Rg3 Nf5 31.Rh3 Rd2 32.a4 R8d7 33.Qc3 Rxb2 34.Qxb2 b6 35.Bg4 Qd3 36.Bxf5 exf5
37.Qe5 Qd2+ 38.Kf1 Qd1+ 39.Kg2 Qg4+ 40.Kf2 Rd2+  0-1

[Event "Pardubice op"]
[Site "Pardubice"]
[Date "1995.??.??"]
[Round "?"]
[White "Jaracz, Pawel"]
[Black "Blatny, Pavel"]
[Result "1/2-1/2"]
[WhiteElo "2395"]
[BlackElo "2535"]

1.e4 e5 2.Nf3 Nc6 3.Bc4 h6 4.O-O d6 5.c3 Qf6 6.d3 Nge7 7.Be3 g5 8.Kh1 Ng6
9.Ng1 h5 10.Na3 Be7 11.d4 Bd8 12.Nc2 Nf4 13.f3 Ne7 14.Qd2 h4 15.dxe5 dxe5
16.Ne2 Neg6 17.Rad1 Be7 18.b4 Kf8 19.Bg1 Nh5 20.Ne3 Ng3+ 21.Nxg3 hxg3 22.Ng4 Bxg4
23.fxg4 Nf4 24.Qe3 Rh3 25.Rf3 Qg6 26.Rd2 Rd8 27.Rxd8+ Bxd8 28.Rxg3 Rxg3 29.hxg3 Ne6
30.Bf2 c6 31.Qd3 Ke8 32.Bxa7 Be7 33.Bf2 Qf6 34.Kg1 Nf8 35.b5 Nd7 36.a4  1/2-1/2

[Event "Pardubice op"]
[Site "Pardubice"]
[Date "1995.??.??"]
[Round "?"]
[White "Lobach, Pavel V"]
[Black "Blatny, Pavel"]
[Result "1/2-1/2"]
[WhiteElo "2250"]
[BlackElo "2535"]

1.d4 d5 2.c4 e6 3.Nf3 Nd7 4.g3 dxc4 5.Bg2 c5 6.O-O a6 7.a4 Ngf6 8.Nbd2 cxd4
9.Nxc4 Nb6 10.Nxb6 Qxb6 11.a5 Qa7 12.Bf4 Bd7 13.Be5 Bc5 14.Bxd4 Bc6 15.Rc1 Bxd4
16.Qxd4 Qxd4 17.Nxd4 Bxg2 18.Kxg2 O-O 19.Rc7 Rab8 20.Rfc1 Rfd8 21.e3 Kf8
22.R7c4 Ne8 23.f4 Ke7 24.Kf3 f6 25.Rc5 Rd7 26.b4 Rbd8 27.b5 axb5 28.Rxb5 Ra8
29.Rcc5 Ra6 30.g4 g6 31.h4 Nd6 32.Rb6 Rxb6 33.axb6 Ne8 34.Nb5 Rd5 35.Rxd5 exd5
36.e4 Nd6 37.Nc3 dxe4+ 38.Nxe4 Ke6 39.Nxd6 Kxd6 40.Ke4 Ke6 41.h5 Kd6 42.h6 Kc5
43.g5 fxg5 44.fxg5 Kd6 45.Kd4 Ke6 46.Ke4  1/2-1/2

[Event "Pardubice op"]
[Site "Pardubice"]
[Date "1995.??.??"]
[Round "?"]
[White "Gipslis, Aivars"]
[Black "Blatny, Pavel"]
[Result "1/2-1/2"]
[WhiteElo "2445"]
[BlackElo "2535"]

1.e4 e5 2.Nf3 Nc6 3.Bc4 Nf6 4.d3 Be7 5.Bb3 O-O 6.O-O d6 7.c3 h6 8.Nbd2 Nh7
9.d4 Ng5 10.Nxg5 Bxg5 11.dxe5 dxe5 12.Qe2 Qf6 13.Nc4 Bxc1 14.Raxc1 Ne7 15.Ne3 Ng6
16.g3 Bh3 17.Rfd1 Qg5 18.Kh1 Rad8 19.Qf3 Rxd1+ 20.Rxd1 h5 21.Bc4 Ne7 22.Bf1 Bxf1
23.h4 Qg6 24.Nxf1 Qc6 25.Kg2 g6 26.Ne3 Kg7 27.b3 Ng8 28.Nc4 Re8 29.Rd5 Nf6
30.Rxe5 Rxe5 31.Nxe5 Qxe4 32.Nd3 b6 33.Nf4 Qc2 34.c4 Qxa2 35.Qc3 Qa5 36.Qxa5 bxa5
37.Kf3 Kf8 38.Nd3 Nd7 39.Ke4 c6 40.Kd4 Ke7 41.Nc5 Nxc5 42.Kxc5 Kd7 43.f3 Kc7
44.g4 Kd7 45.Kd4 Kd6 46.c5+ Ke6 47.gxh5 gxh5 48.Ke4 f6 49.f4 Ke7 50.f5 Kd7
51.Kd4 Kc7 52.Kc4 Kb8 53.Kd3 Kb7 54.Kc3 Ka6 55.Kc4 a4 56.bxa4 Ka5 57.Kb3 a6
58.Ka3  1/2-1/2

[Event "World op"]
[Site "Philadelphia"]
[Date "1995.??.??"]
[Round "6"]
[White "Adamson, Robby"]
[Black "Blatny, Pavel"]
[Result "1/2-1/2"]
[WhiteElo "2295"]
[BlackElo "2535"]

1.e4 e5 2.Nf3 Nc6 3.Nc3 Nf6 4.d4 exd4 5.Nxd4 Bb4 6.Nxc6 bxc6 7.Bd3 d5 8.exd5 O-O
9.O-O cxd5 10.Bg5 c6 11.Qf3 Be7 12.h3 Be6 13.Ne2 Nd7 14.Bxe7 Qxe7 15.Nd4 c5
16.Nxe6 fxe6 17.Qe3 Qd6 18.Rad1 Rf6 19.c4 Ne5 20.cxd5 Nxd3 21.Qxd3 Rd8 22.Qb3 exd5
23.Rxd5 Qxd5 24.Rd1 Rfd6 25.Rxd5 Rxd5 26.Qc4 h6 27.b4 cxb4 28.Qxb4 Rd1+ 29.Kh2 R1d2
30.Qc5 R8d7 31.Qc8+ Kh7 32.Qf8 R2d5 33.Qe8 Rd4 34.Qe3 R7d5 35.Qb3 Rd2 36.Qe3 Rd7
37.Qe4+ g6 38.Qe6 R2d6 39.Qe5 Rb6 40.Qc3 Rf7 41.Kg3 h5 42.Qc4 Rbf6 43.f3 Rf5
44.Qe6 a5 45.h4 Rc7 46.Qd6 Rfc5 47.Qb6 a4 48.Qb4 Rc4 49.Qa3 Rd7 50.Kh3 Rcd4
51.Kg3 Rb7 52.Qe3 Rc4 53.Qd3 Rbc7 54.Qa3 Kg7 55.Qe3 Rd7 56.Qe5+ Kh7 57.Qe6 Rdc7
58.Qa6 Kg7 59.Kh3 Kh6 60.Qf6 Kh7 61.Qa6 Rd4 62.Qf6 Rdd7 63.Qa6 Ra7 64.Qb6 a3
65.Qe3 Ra6 66.Kg3 Rc7 67.Qd3 Ra5 68.Kh3 Re7 69.Qc3 Ra6 70.Qb4 Rc7 71.Kg3 Raa7
72.Qb6 Rd7 73.Qb4 Rd3 74.Qc5 Rb7 75.Qc6 Re7 76.Qf6 Red7 77.Qa6 Kg7 78.Kh3 Kh6
79.Qf6 Kh7 80.Qa6 Rc3 81.Qa5 Re3 82.Qc5 Red3 83.Qb4 Rc7 84.Qf4 Rdd7 85.Qb4 Ra7
86.Kg3 Rf7 87.Kh3 Rf5 88.Qd4 Rfa5 89.Qb4  1/2-1/2

[Event "Donner mem op"]
[Site "Amsterdam"]
[Date "1996.??.??"]
[Round "9"]
[White "Hoang Than Trang"]
[Black "Blatny, Pavel"]
[Result "0-1"]
[WhiteElo "2360"]
[BlackElo "2490"]

1.d4 Nf6 2.c4 d6 3.Nc3 Nbd7 4.e4 e5 5.Nf3 c6 6.Be2 Qc7 7.O-O Be7 8.d5 c5
9.a3 O-O 10.Qc2 a6 11.b4 b6 12.Nd2 Bb7 13.bxc5 Nxc5 14.Nb3 Rae8 15.Nxc5 bxc5
16.Rb1 Bc8 17.Bd2 Bd8 18.Rb3 h6 19.Na4 Qe7 20.Nb6 Bxb6 21.Rxb6 Nd7 22.Rb3 Nf6
23.Rfb1 Nh7 24.Qd1 Ng5 25.Bxg5 Qxg5 26.Rb6 Rd8 27.Bd3 h5 28.Qc1 Qh4 29.Qe3 f5
30.exf5 Bxf5 31.g3 Qf6 32.Bxf5 Qxf5 33.R1b2 Qg4 34.Qe2 Rf3 35.R6b3 Rxb3 36.Qxg4 hxg4
37.Rxb3 Kf7 38.Rb6 e4 39.Rxa6 Kf6 40.Ra7 g5 41.Kf1 Ke5 42.Rg7 Kd4 43.Rxg5 Kxc4
44.Rxg4 Kd3 45.Rg7 c4 46.Rc7 c3 47.h4 c2 48.h5 Rh8 49.g4 Rg8 50.a4 Rxg4 51.a5 Rh4
52.a6 Rxh5 53.a7 Rh1+ 54.Kg2 Ra1  0-1

[Event "AUT-chT9697"]
[Site "Austria"]
[Date "1996.??.??"]
[Round "1"]
[White "Blatny, Pavel"]
[Black "Casagrande, Harald"]
[Result "1-0"]
[WhiteElo "2490"]
[BlackElo "2365"]

1.Nf3 Nf6 2.b3 b6 3.g3 Bb7 4.Bg2 c5 5.O-O e6 6.c4 Be7 7.Bb2 O-O 8.e3 d5 9.d3 Nc6
10.Qe2 Qc7 11.Nc3 Rad8 12.Rad1 dxc4 13.bxc4 Nd7 14.Ne1 f5 15.d4 Nf6 16.d5 exd5
17.Nxd5 Nxd5 18.Bxd5+ Kh8 19.Nd3 Bd6 20.Qf3 Na5 21.Rc1 Bxd5 22.cxd5 b5 23.Rfd1 Nc4
24.Bc3 Qe7 25.Nf4 Bxf4 26.gxf4 Rd6 27.Kh1 Qe4 28.Qxe4 fxe4 29.Be5 Rd7 30.d6 Kg8
31.a4 a6 32.axb5 axb5 33.Rb1 Kf7 34.Rd5 Nxe5 35.Rxe5 Rc8 36.Rxb5 Rxd6 37.Rf5+ Kg6
38.Rfxc5 Rxc5 39.Rxc5 Ra6 40.Kg2 Kf6 41.h4 Ra3 42.Kg3 Ra1 43.Re5 Ra4 44.h5 Rb4
45.h6 gxh6 46.Rc5 Rb1 47.Rc6+ Kf5 48.Rxh6 Rg1+ 49.Kh2 Rg7 50.Kh3 Rg3+ 51.Kh2 Rg7
52.Rh4 Ra7 53.Kg3 Rg7+ 54.Kh3 Ra7 55.Rh5+ Kf6 56.Re5 Ra4 57.Kg3 Rb4 58.Rh5 Rb7
59.Kg4 Rg7+ 60.Rg5 Ra7 61.Rf5+ Kg6 62.Rb5 Ra2 63.Rb6+ Kg7 64.Kg3 Ra4 65.Rd6 Ra7
66.Rd4 Re7 67.Kg4 Kf6 68.Rd6+ Kg7 69.Kf5 h5 70.Kg5 Ra7 71.Kxh5 Ra2 72.Kg5  1-0

[Event "AUT-chT9697"]
[Site "Austria"]
[Date "1996.??.??"]
[Round "3"]
[White "Blatny, Pavel"]
[Black "Chernin, Alexander"]
[Result "0-1"]
[WhiteElo "2490"]
[BlackElo "2620"]

1.e4 d6 2.d4 Nf6 3.Nc3 g6 4.Be3 c6 5.Qd2 Nbd7 6.f3 b5 7.g4 Nb6 8.b3 Qc7 9.Rd1 Bb7
10.g5 Nfd7 11.d5 b4 12.dxc6 Bxc6 13.Nb5 Bxb5 14.Bxb5 Bg7 15.Ne2 O-O 16.O-O a6
17.Bd3 a5 18.f4 Rfc8 19.Nd4 Nc5 20.Qf2 Nbd7 21.f5 Ne5 22.Qh4 Qb7 23.f6 Bf8
24.Nf3 Ncxd3 25.cxd3 Rc2 26.d4 Nxf3+ 27.Rxf3 e6 28.Rh3 h6 29.gxh6 Kh7 30.Qg4 a4
31.Rg3 Rxa2 32.h4 Qb5 33.d5 Qe2 34.Qxe2 Rxe2 35.bxa4 exd5 36.exd5 Rxa4 37.Kf1 Rc2
38.Re1 b3  0-1